00985nam a2200217 a 450000100100000000500170001000800410002704000250006808200150009310000270010824501700013526000450030530000270035049000360037770000530041383000430046604900090050995201130051895201190063199900170075000003013920200930060056.0110503s2009 dr a 000 0 spa d aDO-SdBNPbspacBNPHU axxxbA658c1 aAracena, Soraya94342210aCuentos folklóricos dominicanos :bcuentos domínico-haitianos en Boca Chica, República Dominicana /cSoraya Aracena; prólogo José Francisco Alegría Pons. aSanto Domingo :bLetra Gráfica,c2009. a32 p. :bil. ;c22 cm.1 aCuadernos de letra gráficav11 aAlegría Pons, José Franciscoepról.956851 0aCuadernos de letra gráfican1956852 aBNPD 0010718PDaPDbPDcCTd2011-05-03iLF1l0oxxx A658cp30139-10r2020-06-25w2020-06-25yLFPDZNo se presta 0010718PDaPDbPDcCTd2011-05-03iLF1l0oxxx A658cp30139-20r2020-06-25te. 2w2020-06-25yLFPDZNo se presta c29631d29631